Random Oceanian Cities on the Map - Statistics

General Stats
  • This quiz has been taken 85 times
  • The average score is 7 of 10
Answers on the Map
Answers color-coded by a green-red scale on the quiz's map according to % correct below.
 
Answer Stats
Cities % Correct
Adelaide
100%
Auckland
100%
Brisbane
100%
Darwin
100%
Melbourne
100%
Wellington
100%
Hobart
91%
Honolulu
88%
Port Moresby
88%
Perth
86%
Sydney
86%
Suva
83%
Apia
78%
Honiara
75%
Canberra
73%
Cairns
71%
Hilo
71%
Noumea
70%
Christchurch
69%
Port Vila
64%
Koror
63%
Nuku'Alofa
60%
Yaren
58%
Palikir
50%
Funafuti
46%
Jayapura
44%
Tarawa
40%
Dunedin
33%
Nelson
20%
Pape'ete
20%
Townsville
0%
No matching quizzes found
Score Distribution
Percent of People with Each Score
Percentile by Number Answered
Your Score History
You have not taken this quiz